| 000 | 00657nam a2200253Ia 4500 | ||
|---|---|---|---|
| 005 | 20250425162110.0 | ||
| 008 | 250425s9999 xx 000 0 und d | ||
| 041 | _aeng | ||
| 082 | _a600 | ||
| 100 | _aMANAGEMENT INFORMATION, SYSTEMS | ||
| 245 | 0 | _aINFORMATION TECHNOLOGY SALES MANUAL | |
| 250 | _aS.E. | ||
| 260 |
_aEstados Unidos _bPRENTICE HALL _c2000 |
||
| 260 | _aS.L. | ||
| 300 | _a340 | ||
| 500 | _aCIS/MIS SPRING 2000 | ||
| 650 | _aADMINISTRACION DE SISTEMAS DE INFORMACION | ||
| 650 | _aCOMPUTADORES | ||
| 650 | _aMANUALES | ||
| 650 | _aTECNOLOGIA | ||
| 710 | _aPEARSON EDUCACION LATINOAMERICA | ||
| 942 | _c01 | ||
| 010 | _a49823 | ||
| 999 |
_c222289 _d222289 |
||